[Event "GEO-ch Blitz (Women)"]
[Site "Tbilisi"]
[Date "2023.12.06"]
[Round "2"]
[White "Tevzadze, Mariam"]
[Black "Nikoladze, Sopio"]
[Result "0-1"]
[WhiteElo "1810"]
[BlackElo "2061"]
[PlyCount "70"]
[EventDate "2023.12.05"]
[EventType "swiss (blitz)"]
[EventRounds "13"]
[EventCountry "GEO"]
[SourceTitle "CB50_2023"]
[SourceDate "2023.12.13"]
[SourceVersion "1"]
[SourceVersionDate "2023.12.13"]
[SourceQuality "1"]

1. d4 b5 2. Nf3 Bb7 3. Bf4 e6 4. e3 a6 5. Nbd2 c5 6. c3 Nf6 7. Bd3 d5 8. Bg5 Be7 9. Ne5 h6 10. Bh4 Nbd7 11. f4 Nxe5 12. fxe5 Ne4 13. Bxe7 Qxe7 14. 0-0 Qg5 15. Rf4 cxd4 16. cxd4 f5 17. Bxe4 dxe4 18. Nb3 0-0 19. Nc5 Bd5 20. Qd2 Qe7 21. Rff1 Rfd8 22. a3 a5 23. Rac1 Qa7 24. Rc2 Bc4 25. Rfc1 Rac8 26. b3 Rxc5 27. bxc4 bxc4 28. Rxc4 Rxe5 29. Rc7 Qb8 30. Qc3 Red5 31. Qc6 R5d6 32. Qc5 Qb3 33. Qc3 Qa4 34. Rc4 Qb5 35. Rc5 Qb8 0-1

[Event "GEO-ch Blitz (Women)"]
[Site "Tbilisi"]
[Date "2023.12.06"]
[Round "4"]
[White "Tqeshelashvili, Sopio"]
[Black "Nikoladze, Sopio"]
[Result "0-1"]
[WhiteElo "2207"]
[BlackElo "2061"]
[PlyCount "52"]
[EventDate "2023.12.05"]
[EventType "swiss (blitz)"]
[EventRounds "13"]
[EventCountry "GEO"]
[SourceTitle "CB50_2023"]
[SourceDate "2023.12.13"]
[SourceVersion "1"]
[SourceVersionDate "2023.12.13"]
[SourceQuality "1"]

1. e4 d6 2. d4 Nf6 3. Nc3 Nbd7 4. Bd3 e5 5. Be3 Be7 6. f3 a6 7. Nge2 b5 8. d5 0-0 9. 0-0 Nc5 10. a4 b4 11. Na2 Nxa4 12. Nxb4 Nxb2 13. Qd2 Nxd3 14. Qxd3 Bd7 15. Rxa6 Rxa6 16. Qxa6 Qa8 17. c4 c5 18. dxc6 Qxa6 19. Nxa6 Bxc6 20. Nc3 Bb7 21. Nb4 Rc8 22. Ncd5 Bd8 23. Rc1 Nd7 24. Kf2 g6 25. Ke2 f5 26. exf5 gxf5 0-1

[Event "Titled Tuesday intern op 30th Nov"]
[Site "Chess.com INT"]
[Date "2021.11.30"]
[Round "8"]
[White "Rodrigues Mota, Romulo Cardoso S"]
[Black "Nikoladze, Sopio"]
[Result "1-0"]
[WhiteElo "1916"]
[BlackElo "2092"]
[PlyCount "103"]
[EventDate "2021.11.30"]
[EventType "swiss (blitz)"]
[EventRounds "11"]
[EventCountry "USA"]
[SourceTitle "CBM 205 Extra"]
[Source "ChessBase"]
[SourceDate "2022.01.31"]
[SourceVersion "1"]
[SourceVersionDate "2022.01.31"]
[SourceQuality "1"]

1. e4 d6 2. d4 Nf6 3. f3 e5 4. Be3 Be7 5. Nc3 0-0 6. Qd2 exd4 7. Bxd4 a6 8. 0-0-0 b5 9. Kb1 c5 10. Bxf6 Bxf6 11. Qxd6 Nd7 12. Nd5 Bd4 13. c3 Be5 14. Ne7+ Kh8 15. Qd5 Qxe7 16. Qxa8 Nb6 17. Qc6 Na4 18. Bd3 Bxc3 19. bxc3 Nxc3+ 20. Kc2 Nxd1 21. Kxd1 Be6 22. Qxa6 Rd8 23. Ke2 c4 24. Bc2 Qb4 25. Kf2 Qd2+ 26. Ne2 Qxc2 27. Qxb5 Qxa2 28. Rd1 Rc8 29. Qg5 h6 30. Qd2 c3 31. Qxa2 Bxa2 32. Rc1 c2 33. Nd4 Bb1 34. Ke2 Rc4 35. Kd3 Rb4 36. Nxc2 Rb3+ 37. Kc4 Rb2 38. Kc3 Rb6 39. Nb4 Rg6 40. Rxb1 Rxg2 41. Rb2 Rg1 42. Nc6 Rc1+ 43. Rc2 Rf1 44. Ne5 Ra1 45. Nxf7+ Kh7 46. Ne5 Ra3+ 47. Kd4 Ra4+ 48. Nc4 Ra1 49. e5 Rd1+ 50. Ke4 Re1+ 51. Kf5 Rf1 52. f4 1-0

[Event "Tbilisi Gaprindashvili Cup (Women)"]
[Site "Tbilisi"]
[Date "2021.09.16"]
[Round "7"]
[White "Tsotsonava, Elene"]
[Black "Nikoladze, Sopio"]
[Result "0-1"]
[WhiteElo "1887"]
[BlackElo "2092"]
[PlyCount "66"]
[EventDate "2021.09.13"]
[EventType "swiss"]
[EventRounds "8"]
[EventCountry "GEO"]
[SourceTitle "CBM 204 Extra"]
[Source "ChessBase"]
[SourceDate "2021.11.30"]
[SourceVersion "1"]
[SourceVersionDate "2021.11.30"]
[SourceQuality "1"]

1. e4 e6 2. d4 b6 3. Nc3 Bb7 4. Bd3 Nf6 5. f4 Bb4 6. Qe2 d5 7. e5 Ne4 8. Bxe4 dxe4 9. Be3 Qd5 10. Qg4 0-0 11. Nge2 f5 12. exf6 Rxf6 13. 0-0-0 Qc4 14. d5 Bc5 15. Bd4 Rg6 16. Qh4 Na6 17. dxe6 Qxe6 18. Bxc5 bxc5 19. Rd8+ Rxd8 20. Qxd8+ Kf7 21. Rd1 Bc6 22. Ng3 Rg4 23. Ncxe4 h6 24. h3 Rxf4 25. Nd2 Bxg2 26. Nh5 Rf5 27. Qh4 g5 28. Qg4 Bd5 29. c4 Bc6 30. h4 Nb4 31. hxg5 Rxg5 32. Qf4+ Kg6 33. Ng3 Nd3+ 0-1

[Event "Tbilisi Gaprindashvili Cup (Women)"]
[Site "Tbilisi"]
[Date "2021.09.14"]
[Round "3"]
[White "Gvetadze, Sofio"]
[Black "Nikoladze, Sopio"]
[Result "0-1"]
[WhiteElo "2302"]
[BlackElo "2092"]
[PlyCount "160"]
[EventDate "2021.09.13"]
[EventType "swiss"]
[EventRounds "8"]
[EventCountry "GEO"]
[SourceTitle "CBM 204 Extra"]
[Source "ChessBase"]
[SourceDate "2021.11.30"]
[SourceVersion "1"]
[SourceVersionDate "2021.11.30"]
[SourceQuality "1"]

1. e4 d6 2. d4 Nf6 3. Nc3 Nbd7 4. Nf3 e5 5. Bc4 Be7 6. 0-0 0-0 7. Re1 c6 8. a4 Qc7 9. b3 b6 10. Bb2 Bb7 11. Bd3 a6 12. Ne2 Rfe8 13. Ng3 Bf8 14. c4 Rad8 15. d5 Nc5 16. Bc2 cxd5 17. cxd5 a5 18. Rc1 Qb8 19. Nh4 g6 20. Rb1 Bg7 21. Bc1 Rc8 22. Be3 Nfd7 23. Qd2 Rc7 24. Bh6 Qd8 25. Nhf5 gxf5 26. Bxg7 Kxg7 27. Nxf5+ Kh8 28. Nxd6 Rf8 29. Re3 Nf6 30. Nf5 Bc8 31. Ng3 Rg8 32. h3 Rg6 33. b4 axb4 34. Qxb4 Rb7 35. a5 Nfd7 36. a6 Nxa6 37. Qb2 Nac5 38. Nf5 Qg5 39. Rg3 Qf6 40. Ra1 Rb8 41. Qb5 Ba6 42. Rxa6 Nxa6 43. Qxd7 Rxg3 44. fxg3 Rd8 45. Qb5 Nc7 46. Qc4 Ne8 47. Ba4 Nd6 48. Nxd6 Qxd6 49. Qf1 Kg7 50. Kh2 Ra8 51. Bc6 Ra3 52. Qc1 h6 53. Qb2 Re3 54. Qxb6 Rxe4 55. Qb7 Rb4 56. Qa7 Rb3 57. Qa4 Ra3 58. Qg4+ Qg6 59. Qh4 Qg5 60. d6 Qxh4 61. gxh4 Kf6 62. d7 Ke7 63. h5 Rc3 64. Bb5 f5 65. g4 Rc5 66. Ba4 fxg4 67. hxg4 Rc4 68. Bd1 Rd4 69. Bf3 Kxd7 70. Kg3 Ke7 71. Kf2 Kf6 72. Ke3 Kg5 73. Be2 Ra4 74. Bf3 Rxg4 75. Bxg4 Kxg4 76. Ke4 Kxh5 77. Kxe5 Kg4 78. Ke4 h5 79. Ke3 Kg3 80. Ke2 Kg2 0-1

[Event "Tbilisi Gaprindashvili Cup (Women)"]
[Site "Tbilisi"]
[Date "2021.09.14"]
[Round "4"]
[White "Nikoladze, Sopio"]
[Black "Sichinava, Mariam"]
[Result "1-0"]
[WhiteElo "2092"]
[BlackElo "1304"]
[PlyCount "79"]
[EventDate "2021.09.13"]
[EventType "swiss"]
[EventRounds "8"]
[EventCountry "GEO"]
[SourceTitle "CBM 204 Extra"]
[Source "ChessBase"]
[SourceDate "2021.11.30"]
[SourceVersion "1"]
[SourceVersionDate "2021.11.30"]
[SourceQuality "1"]

1. d4 Nf6 2. Nf3 c5 3. e3 g6 4. b3 Bg7 5. Bb2 cxd4 6. exd4 d5 7. Bd3 0-0 8. 0-0 Nc6 9. a3 Ne4 10. Nbd2 Bf5 11. Re1 Nd6 12. Qe2 Bxd3 13. Qxd3 e6 14. Ne5 Nf5 15. Rad1 Qc7 16. Ndf3 Rac8 17. Rd2 Rfd8 18. Ng5 Nd6 19. Qh3 Nxe5 20. dxe5 Ne4 21. Qxh7+ Kf8 22. Nxe4 dxe4 23. Rde2 Bxe5 24. Bc1 Bg7 25. c4 Qc6 26. a4 Qc5 27. Rxe4 Qb4 28. Bh6 Bxh6 29. Qxh6+ Kg8 30. R4e3 Rd3 31. h4 Qxb3 32. Rxe6 fxe6 33. Qxg6+ Kh8 34. Qf6+ Kh7 35. Qf7+ Kh8 36. Qf6+ Kh7 37. Qf7+ Kh8 38. Re5 Qd1+ 39. Kh2 Rd5 40. cxd5 1-0

[Event "Tbilisi Gaprindashvili Cup (Women)"]
[Site "Tbilisi"]
[Date "2021.09.13"]
[Round "1"]
[White "Nikoladze, Sopio"]
[Black "Arabidze, Meri"]
[Result "0-1"]
[WhiteElo "2092"]
[BlackElo "2441"]
[PlyCount "42"]
[EventDate "2021.09.13"]
[EventType "swiss"]
[EventRounds "8"]
[EventCountry "GEO"]
[SourceTitle "CBM 204 Extra"]
[Source "ChessBase"]
[SourceDate "2021.11.30"]
[SourceVersion "1"]
[SourceVersionDate "2021.11.30"]
[SourceQuality "1"]

1. d4 Nf6 2. Nf3 b6 3. e3 Bb7 4. Bd3 g6 5. c4 Bg7 6. Nc3 0-0 7. 0-0 d5 8. Ne5 e6 9. f4 c5 10. cxd5 Nxd5 11. dxc5 bxc5 12. Ne4 Qe7 13. Qb3 Nb4 14. Bb1 Bd5 15. Qa4 Rd8 16. a3 N4c6 17. Nxc6 Bxc6 18. Qa5 Nd7 19. Qc7 Rac8 20. Qxa7 f5 21. Nxc5 Ra8 0-1

[Event "Titled Tuesday intern op 12th Jan"]
[Site "Chess.com INT"]
[Date "2021.01.12"]
[Round "3"]
[White "Nikoladze, Sopio"]
[Black "Necula, Iulian"]
[Result "0-1"]
[WhiteElo "2132"]
[BlackElo "1890"]
[PlyCount "136"]
[EventDate "2021.01.12"]
[EventType "swiss (blitz)"]
[EventRounds "11"]
[EventCountry "USA"]
[SourceTitle "CBM 200 Extra"]
[Source "ChessBase"]
[SourceDate "2021.03.31"]
[SourceVersion "1"]
[SourceVersionDate "2021.03.31"]
[SourceQuality "1"]

1. d4 d6 2. Nf3 Nf6 3. e3 g6 4. b3 Bg7 5. Bb2 0-0 6. g3 c5 7. Bg2 cxd4 8. exd4 Nc6 9. 0-0 d5 10. a3 e6 11. c4 Ne7 12. c5 Bd7 13. Nbd2 Bc6 14. Ne5 a6 15. b4 Nd7 16. f4 Nxe5 17. dxe5 Nf5 18. Nb3 Ne3 19. Qd4 Nxf1 20. Bxf1 Qe7 21. a4 f6 22. b5 axb5 23. axb5 Rxa1 24. Bxa1 Bd7 25. Na5 fxe5 26. fxe5 Rxf1+ 27. Kxf1 Bxb5+ 28. Kg2 Qf7 29. Qf4 Qc7 30. Nb3 Bc4 31. Nd2 Qxc5 32. Bd4 Qb5 33. Nxc4 Qxc4 34. Qg4 Qc2+ 35. Kg1 Qf5 36. Qe2 Qb1+ 37. Kf2 Qe4 38. Qb2 Qf5+ 39. Kg1 Qf7 40. Qb6 h5 41. Qd8+ Kh7 42. Qb6 h4 43. gxh4 Qd7 44. Kf2 Qe7 45. Kg3 Qa3+ 46. Kg2 Qa2+ 47. Kh3 Qc4 48. Kg3 Qd3+ 49. Kg2 Qe4+ 50. Kg3 Bxe5+ 51. Bxe5 Qxe5+ 52. Kg2 Qe4+ 53. Kg3 Qd3+ 54. Kg4 Qe2+ 55. Kg3 Qe1+ 56. Kg4 Qd1+ 57. Kg3 Qd3+ 58. Kg2 Qe4+ 59. Kf2 d4 60. Qc7+ Kh6 61. Qe7 Qe3+ 62. Kg2 Qe2+ 63. Kg3 Qe1+ 64. Kg4 Qg1+ 65. Kf4 Qf2+ 66. Kg4 Qf5+ 67. Kg3 e5 68. Qxb7 e4 0-1

[Event "Titled Tuesday intern op 22nd Dec"]
[Site "Chess.com INT"]
[Date "2020.12.22"]
[Round "1"]
[White "Injac, Teodora"]
[Black "Nikoladze, Sopio"]
[Result "1-0"]
[WhiteElo "2290"]
[BlackElo "2132"]
[PlyCount "40"]
[EventDate "2020.12.22"]
[EventType "swiss (blitz)"]
[EventRounds "11"]
[EventCountry "USA"]
[SourceTitle "CBM 199 Extra"]
[Source "ChessBase"]
[SourceDate "2021.01.31"]
[SourceVersion "1"]
[SourceVersionDate "2021.01.31"]
[SourceQuality "1"]

1. d4 b6 2. e4 Bb7 3. Bd3 g6 4. Qe2 Bg7 5. c3 d6 6. Nf3 e6 7. Bg5 Ne7 8. h4 h6 9. Be3 0-0 10. Qd2 Kh7 11. h5 Ng8 12. hxg6+ fxg6 13. Ng5+ Kh8 14. Nxe6 Qf6 15. Nxf8 Qxf8 16. Na3 Nd7 17. f3 Re8 18. 0-0-0 a5 19. Kb1 Bc6 20. Nb5 Rc8 1-0

[Event "Chess.com Bullet op1"]
[Site "Chess.com INT"]
[Date "2020.12.19"]
[Round "2"]
[White "Dourerassou, Jonathan"]
[Black "Nikoladze, Sopio"]
[Result "1-0"]
[WhiteElo "2477"]
[BlackElo "2132"]
[PlyCount "47"]
[EventDate "2020.12.19"]
[EventType "swiss (blitz)"]
[EventRounds "21"]
[EventCountry "USA"]
[SourceTitle "EXT 2022"]
[Source "ChessBase"]
[SourceDate "2021.10.06"]
[SourceVersion "1"]
[SourceVersionDate "2021.10.06"]
[SourceQuality "1"]

1. e4 d6 2. Nc3 Nd7 3. d4 e5 4. Nf3 exd4 5. Nxd4 Ngf6 6. Bc4 Be7 7. Nf5 0-0 8. 0-0 Ne5 9. Nxe7+ Qxe7 10. Bb3 a6 11. Bg5 c6 12. f4 Neg4 13. Qxg4 Nxg4 14. Bxe7 Re8 15. Bxd6 Nf6 16. e5 Ng4 17. Rae1 Nh6 18. Na4 Nf5 19. Nb6 Ra7 20. Bc5 Be6 21. g4 Bxb3 22. axb3 Ne7 23. Nc4 Nd5 24. Bxa7 1-0

[Event "Chess.com Bullet op1"]
[Site "Chess.com INT"]
[Date "2020.12.19"]
[Round "6"]
[White "Harris, Ian"]
[Black "Nikoladze, Sopio"]
[Result "0-1"]
[WhiteElo "2181"]
[BlackElo "2132"]
[PlyCount "60"]
[EventDate "2020.12.19"]
[EventType "swiss (blitz)"]
[EventRounds "21"]
[EventCountry "USA"]
[SourceTitle "EXT 2022"]
[Source "ChessBase"]
[SourceDate "2021.10.06"]
[SourceVersion "1"]
[SourceVersionDate "2021.10.06"]
[SourceQuality "1"]

1. d4 b5 2. Bf4 Bb7 3. e3 a6 4. Nf3 e6 5. Bd3 c5 6. c3 Nc6 7. Nbd2 Nf6 8. Ne4 d5 9. Nxf6+ gxf6 10. h3 c4 11. Bc2 Bd6 12. Bxd6 Qxd6 13. e4 0-0-0 14. Qe2 dxe4 15. Bxe4 f5 16. Bc2 Qd5 17. a4 Rhg8 18. axb5 axb5 19. 0-0 Rg6 20. Kh1 Rdg8 21. Nh4 Rxg2 22. Be4 fxe4 23. Nxg2 e3 24. f3 Ne7 25. Qxe3 Nf5 26. Qe4 Ng3+ 27. Kh2 Nxe4 28. fxe4 Qxe4 29. Rf2 Rxg2+ 30. Rxg2 Qxg2# 0-1

[Event "Chess.com Bullet op1"]
[Site "Chess.com INT"]
[Date "2020.12.19"]
[Round "14"]
[White "Nikoladze, Sopio"]
[Black "Hartikainen, Jarmo"]
[Result "1-0"]
[WhiteElo "2132"]
[BlackElo "2142"]
[PlyCount "57"]
[EventDate "2020.12.19"]
[EventType "swiss (blitz)"]
[EventRounds "21"]
[EventCountry "USA"]
[SourceTitle "EXT 2022"]
[Source "ChessBase"]
[SourceDate "2021.10.06"]
[SourceVersion "1"]
[SourceVersionDate "2021.10.06"]
[SourceQuality "1"]

1. d4 Nf6 2. Nf3 e6 3. e3 c5 4. Bd3 Qb6 5. b3 cxd4 6. exd4 Nc6 7. Bb2 d5 8. 0-0 Bd6 9. a3 Bd7 10. Nbd2 Qc7 11. c4 g5 12. h3 g4 13. hxg4 Nxg4 14. cxd5 exd5 15. Re1+ Kd8 16. Rc1 Bh2+ 17. Kf1 Bf4 18. Ne5 Ncxe5 19. Rxc7 Nxd3 20. Rxd7+ Kxd7 21. Qxg4+ Kc6 22. Rc1+ Nxc1 23. Bxc1 Bd6 24. Nf3 Rae8 25. Qf5 Rhg8 26. b4 Re7 27. Be3 Rge8 28. Qxh7 a6 29. Qf5 1-0

[Event "Chess.com Bullet op1"]
[Site "Chess.com INT"]
[Date "2020.12.19"]
[Round "5"]
[White "Nikoladze, Sopio"]
[Black "Mezentsev, Ivan"]
[Result "0-1"]
[WhiteElo "2132"]
[BlackElo "2354"]
[PlyCount "94"]
[EventDate "2020.12.19"]
[EventType "swiss (blitz)"]
[EventRounds "21"]
[EventCountry "USA"]
[SourceTitle "EXT 2022"]
[Source "ChessBase"]
[SourceDate "2021.10.06"]
[SourceVersion "1"]
[SourceVersionDate "2021.10.06"]
[SourceQuality "1"]

1. d4 d6 2. Nf3 Nd7 3. g3 g6 4. Bg2 Bg7 5. 0-0 Ngf6 6. c4 0-0 7. Nc3 e5 8. d5 Re8 9. e4 Nc5 10. Qc2 a5 11. Nd2 Nh5 12. Rb1 f5 13. f3 Bh6 14. a3 a4 15. b4 axb3 16. Nxb3 Bxc1 17. Qxc1 Nxb3 18. Rxb3 fxe4 19. Nxe4 Bf5 20. Qe3 Bxe4 21. fxe4 b6 22. Bh3 Ng7 23. Bg4 Qe7 24. Qh6 Rf8 25. Rbf3 Rxf3 26. Rxf3 Rf8 27. Kg2 Rxf3 28. Bxf3 Qd7 29. Qe3 Qa4 30. Be2 Ne8 31. Qf3 Kg7 32. h4 Nf6 33. g4 Qc2 34. h5 g5 35. Qf5 Qxe4+ 36. Qxe4 Nxe4 37. Kf3 Nc5 38. Bf1 Kf6 39. Ke3 h6 40. Be2 Nd7 41. Bf1 Ke7 42. Be2 Nf6 43. Bf1 Nxg4+ 44. Kf3 Nf6 45. Ke3 Nxh5 46. Be2 Nf4 47. Bf3 Kf6 0-1

[Event "Chess.com Bullet op1"]
[Site "Chess.com INT"]
[Date "2020.12.19"]
[Round "13"]
[White "Qiao, Cindy"]
[Black "Nikoladze, Sopio"]
[Result "1-0"]
[WhiteElo "1736"]
[BlackElo "2132"]
[PlyCount "71"]
[EventDate "2020.12.19"]
[EventType "swiss (blitz)"]
[EventRounds "21"]
[EventCountry "USA"]
[SourceTitle "EXT 2022"]
[Source "ChessBase"]
[SourceDate "2021.10.06"]
[SourceVersion "1"]
[SourceVersionDate "2021.10.06"]
[SourceQuality "1"]

1. d4 b5 2. Bf4 Bb7 3. e3 a6 4. Nf3 e6 5. Nbd2 Nf6 6. Bd3 c5 7. c3 d5 8. 0-0 Nbd7 9. a3 Qb6 10. Qe2 Be7 11. Rfe1 0-0 12. dxc5 Nxc5 13. Bc2 Nce4 14. Nxe4 Nxe4 15. Nd2 Nxd2 16. Qxd2 Bf6 17. Qd3 g6 18. Bh6 Rfd8 19. Qe2 Qc6 20. e4 dxe4 21. Bxe4 Qxe4 22. Qxe4 Bxe4 23. Rxe4 Rd2 24. Bxd2 Rd8 25. Bh6 Rd3 26. Re2 Bg7 27. Bxg7 Kxg7 28. g3 Kf6 29. Kg2 Kf5 30. Rae1 Kf6 31. Re3 Rd2 32. R1e2 Rd1 33. Rf3+ Kg7 34. Re4 Rd2 35. Rd4 Rxb2 36. Rd7 1-0

[Event "Gaprindashvili Cup (Women) 3rd"]
[Site "Tornelo INT"]
[Date "2020.11.12"]
[Round "1.1"]
[White "Arabidze, Meri"]
[Black "Nikoladze, Sopio"]
[Result "1-0"]
[WhiteElo "2437"]
[BlackElo "2132"]
[PlyCount "67"]
[EventDate "2020.11.12"]
[EventType "k.o. (rapid)"]
[EventRounds "4"]
[EventCountry "GEO"]
[SourceTitle "CBM 199 Extra"]
[Source "ChessBase"]
[SourceDate "2021.01.31"]
[SourceVersion "1"]
[SourceVersionDate "2021.01.31"]
[SourceQuality "1"]

1. Nf3 Nf6 2. c4 e6 3. Nc3 b6 4. e4 d6 5. d4 Bb7 6. d5 e5 7. Bd3 g6 8. 0-0 Bg7 9. Rb1 a5 10. a3 0-0 11. b4 axb4 12. axb4 Nbd7 13. Re1 Nh5 14. Bf1 h6 15. g3 f5 16. Nh4 Nf4 17. Qc2 fxe4 18. Qxe4 Qf6 19. Nf3 Nh5 20. Bg2 Qf5 21. Qxf5 gxf5 22. Nb5 Rac8 23. Nh4 Ba6 24. Bh3 Bxb5 25. cxb5 Ra8 26. Nxf5 Ndf6 27. Nxh6+ Kh7 28. Bf5+ Kh8 29. Be6 Nf4 30. gxf4 Bxh6 31. fxe5 Bxc1 32. Rbxc1 dxe5 33. Rxc7 e4 34. Re3 1-0

[Event "Gaprindashvili Cup (Women) 3rd"]
[Site "Tornelo INT"]
[Date "2020.11.12"]
[Round "1.2"]
[White "Nikoladze, Sopio"]
[Black "Arabidze, Meri"]
[Result "0-1"]
[WhiteElo "2132"]
[BlackElo "2437"]
[PlyCount "40"]
[EventDate "2020.11.12"]
[EventType "k.o. (rapid)"]
[EventRounds "4"]
[EventCountry "GEO"]
[SourceTitle "CBM 199 Extra"]
[Source "ChessBase"]
[SourceDate "2021.01.31"]
[SourceVersion "1"]
[SourceVersionDate "2021.01.31"]
[SourceQuality "1"]

1. d4 d5 2. Nf3 Nf6 3. e3 c5 4. b3 e6 5. Bb2 Nc6 6. Nbd2 Bd6 7. a3 0-0 8. Bd3 b6 9. Ne5 Bb7 10. f4 Ne7 11. Qf3 Nf5 12. g4 Nh4 13. Qh3 Ne4 14. g5 Nf5 15. Ng4 cxd4 16. Nf3 Nxe3 17. g6 fxg6 18. Nxe3 dxe3 19. Bxe4 dxe4 20. Ng5 Bb4+ 0-1

[Event "Gaprindashvili Cup (Women)"]
[Site "Tornelo INT"]
[Date "2020.11.08"]
[Round "1"]
[White "Nikoladze, Sopio"]
[Black "Gvatua, Mariam"]
[Result "1-0"]
[WhiteElo "2132"]
[BlackElo "1343"]
[PlyCount "111"]
[EventDate "2020.11.08"]
[EventType "swiss (rapid)"]
[EventRounds "9"]
[EventCountry "GEO"]
[SourceTitle "CBM 199 Extra"]
[Source "ChessBase"]
[SourceDate "2021.01.31"]
[SourceVersion "1"]
[SourceVersionDate "2021.01.31"]
[SourceQuality "1"]

1. d4 Nf6 2. Nf3 e6 3. e3 d5 4. Bd3 Be7 5. Nbd2 0-0 6. b3 c5 7. Bb2 Nc6 8. a3 b6 9. Ne5 Bb7 10. 0-0 Qc7 11. f4 Nxe5 12. dxe5 Ne4 13. Nxe4 dxe4 14. Bc4 Rad8 15. Qg4 Bd5 16. Bxd5 exd5 17. e6 f6 18. f5 Bd6 19. h4 Be5 20. Bxe5 Qxe5 21. Rae1 Rfe8 22. h5 Kh8 23. Rf4 h6 24. a4 Re7 25. Re2 Qa1+ 26. Kh2 Qe5 27. Kh3 Qc3 28. Qg3 Qe5 29. Rf1 Qc3 30. Rd1 c4 31. Qe1 Qxe1 32. Rexe1 c3 33. Rd4 Rc7 34. Red1 Re7 35. Rxd5 Rde8 36. Kg4 Kg8 37. Kf4 Kf8 38. Kxe4 Rc7 39. R1d3 Rec8 40. Rd8+ Rxd8 41. Rxd8+ Ke7 42. Rd7+ Rxd7 43. exd7 Kxd7 44. Kd5 Kc7 45. b4 Kd7 46. b5 Kc7 47. Ke6 Kc8 48. Kf7 Kd7 49. Kxg7 Kd6 50. Kxf6 Kd7 51. e4 Kd8 52. e5 Ke8 53. e6 Kd8 54. Kf7 Kc7 55. e7 Kb7 56. e8Q 1-0

[Event "Titled Tuesday intern op 20th Oct"]
[Site "Chess.com INT"]
[Date "2020.10.20"]
[Round "9"]
[White "Nikoladze, Sopio"]
[Black "Novikov, Evgenij"]
[Result "0-1"]
[WhiteElo "2132"]
[BlackElo "2276"]
[PlyCount "41"]
[EventDate "2020.10.20"]
[EventType "swiss (blitz)"]
[EventRounds "11"]
[EventCountry "USA"]
[SourceTitle "EXT 2022"]
[Source "ChessBase"]
[SourceDate "2021.10.06"]
[SourceVersion "1"]
[SourceVersionDate "2021.10.06"]
[SourceQuality "1"]

1. d4 d5 2. Nf3 Nf6 3. e3 c5 4. b3 Nc6 5. Bb2 Bg4 6. Nbd2 e6 7. h3 Bh5 8. g4 Bg6 9. Ne5 cxd4 10. exd4 Rc8 11. Nxg6 hxg6 12. a3 Qb6 13. Nf3 Nxg4 14. Bg2 Nh6 15. 0-0 Nf5 16. Qd2 Bd6 17. Rae1 Bb8 18. Ng5 Ncxd4 19. Bxd5 Qd6 20. f4 Qxd5 21. c4 0-1

[Event "Titled Tuesday intern op 20th Oct"]
[Site "Chess.com INT"]
[Date "2020.10.20"]
[Round "6"]
[White "Nikoladze, Sopio"]
[Black "Perez, Robinson Molina"]
[Result "1-0"]
[WhiteElo "2132"]
[BlackElo "2240"]
[PlyCount "61"]
[EventDate "2020.10.20"]
[EventType "swiss (blitz)"]
[EventRounds "11"]
[EventCountry "USA"]
[SourceTitle "EXT 2022"]
[Source "ChessBase"]
[SourceDate "2021.10.06"]
[SourceVersion "1"]
[SourceVersionDate "2021.10.06"]
[SourceQuality "1"]

1. d4 Nf6 2. Nf3 e6 3. e3 c5 4. Bd3 Nc6 5. b3 d5 6. Bb2 Bd6 7. Nbd2 0-0 8. a3 Qe7 9. Ne5 Nd7 10. f4 cxd4 11. exd4 Qh4+ 12. g3 Qh3 13. Qf3 Ndxe5 14. dxe5 Bc5 15. 0-0-0 a5 16. Qe2 Bd7 17. Nf3 h6 18. Kb1 b5 19. Bxb5 Rfb8 20. a4 Qf5 21. Nh4 Qh7 22. Bd3 g6 23. f5 gxf5 24. g4 Kh8 25. gxf5 Qg7 26. Rhg1 Qf8 27. Qh5 Bxg1 28. Rxg1 Nb4 29. Be2 exf5 30. e6+ f6 31. Ng6+ 1-0

[Event "Titled Tuesday intern op 20th Oct"]
[Site "Chess.com INT"]
[Date "2020.10.20"]
[Round "7"]
[White "Nikoladze, Sopio"]
[Black "Tokman, Ariel"]
[Result "1-0"]
[WhiteElo "2132"]
[BlackElo "2316"]
[PlyCount "43"]
[EventDate "2020.10.20"]
[EventType "swiss (blitz)"]
[EventRounds "11"]
[EventCountry "USA"]
[SourceTitle "EXT 2022"]
[Source "ChessBase"]
[SourceDate "2021.10.06"]
[SourceVersion "1"]
[SourceVersionDate "2021.10.06"]
[SourceQuality "1"]

1. d4 Nf6 2. Nf3 g6 3. g3 Bg7 4. Bg2 0-0 5. 0-0 d5 6. Ne5 Nbd7 7. f4 Ne4 8. c4 c6 9. Nc3 Ndf6 10. e3 Nxc3 11. bxc3 Ne4 12. Qe1 Bf5 13. g4 Be6 14. f5 Bc8 15. Bxe4 dxe4 16. Qg3 Qc7 17. Kh1 b6 18. Nxg6 Qd7 19. Nxf8 Kxf8 20. Qf4 Ba6 21. Ba3 Bxc4 22. f6 1-0

[Event "Titled Tuesday intern op 13th Oct"]
[Site "Chess.com INT"]
[Date "2020.10.13"]
[Round "1"]
[White "Nikoladze, Sopio"]
[Black "Baskin, Robert"]
[Result "0-1"]
[WhiteElo "2132"]
[BlackElo "2390"]
[PlyCount "112"]
[EventDate "2020.10.13"]
[EventType "swiss (blitz)"]
[EventRounds "10"]
[EventCountry "USA"]
[SourceTitle "CBM 198 Extra"]
[Source "ChessBase"]
[SourceDate "2020.11.30"]
[SourceVersion "1"]
[SourceVersionDate "2020.11.30"]
[SourceQuality "1"]

1. d4 d5 2. Nf3 Nf6 3. e3 Bf5 4. c4 c6 5. Nc3 e6 6. Nh4 Be4 7. Qb3 Qc7 8. f3 Bg6 9. Nxg6 hxg6 10. f4 Nbd7 11. Be2 Be7 12. Bd2 dxc4 13. Bxc4 a6 14. a4 0-0 15. 0-0 b5 16. axb5 cxb5 17. Bd3 Rfd8 18. e4 Nc5 19. Qc2 Nxd3 20. Qxd3 Rxd4 21. Qe2 Bc5 22. Kh1 Qc6 23. Be3 Rdd8 24. Rac1 Bxe3 25. Qxe3 Qb7 26. Rf3 b4 27. e5 Ng4 28. Qe4 Qc7 29. h3 bxc3 30. hxg4 Qb6 31. bxc3 a5 32. Rh3 a4 33. Qe1 Qb2 34. Rb1 a3 35. Kh2 Qxb1 36. Qxb1 a2 37. Qa1 Rdb8 38. Qe1 a1Q 39. Qh4 Kf8 40. Qh8+ Ke7 41. Qxg7 Rf8 42. Qf6+ Ke8 43. f5 gxf5 44. gxf5 Qa6 45. Rh7 Qc6 46. fxe6 Qxe6 47. Qf3 Qxe5+ 48. Kh3 Qe6+ 49. Kh2 Rc8 50. Rh4 Qe5+ 51. Kh3 Rxc3 52. Re4 Rxf3+ 53. gxf3 Qxe4 54. fxe4 Ke7 55. Kg4 Ke6 56. Kf4 Ra8 0-1